Конверсия углеводородов С2-С4 в арены на цеолитсодержащих катализаторах с применением добавок гетерополисоединений состава W-P-CO; Проблемы геологии и освоения недр; Т. 2
| Parent link: | Проблемы геологии и освоения недр: труды XVIII Международного симпозиума имени академика М. А. Усова студентов и молодых ученых, Томск, 7-11 апреля 2014 г./ Национальный исследовательский Томский политехнический университет (ТПУ), Институт природных ресурсов (ИПР) ; Общество инженеров-нефтяников, международная некоммерческая организация, Студенческий чаптер ; под ред. А. Ю. Дмитриева.— , 2014 Т. 2.— [С. 194-196] |
|---|---|
| Autor principal: | |
| Autor Corporativo: | |
| Outros Autores: | |
| Resumo: | Заглавие с экрана |
| Idioma: | russo |
| Publicado em: |
|
| coleção: | Современные технологии подготовки освоения и переработки минерального и углеводородного сырья Переработка нефти и газа |
| Assuntos: | |
| Acesso em linha: | http://earchive.tpu.ru/handle/11683/65570 http://www.lib.tpu.ru/fulltext/c/2014/C11/V2/083.pdf |
| Formato: | Recurso Eletrônico Capítulo de Livro |
| KOHA link: | https://koha.lib.tpu.ru/cgi-bin/koha/opac-detail.pl?biblionumber=608498 |
MARC
| LEADER | 00000naa2a2200000 4500 | ||
|---|---|---|---|
| 001 | 608498 | ||
| 005 | 20260323140623.0 | ||
| 035 | |a (RuTPU)RU\TPU\conf\5929 | ||
| 035 | |a RU\TPU\conf\5928 | ||
| 090 | |a 608498 | ||
| 100 | |a 20141001d2014 k y0rusy50 ca | ||
| 101 | 0 | |a rus | |
| 102 | |a RU | ||
| 135 | |a drgn ---uucaa | ||
| 181 | 0 | |a i | |
| 182 | 0 | |a b | |
| 200 | 1 | |a Конверсия углеводородов С2-С4 в арены на цеолитсодержащих катализаторах с применением добавок гетерополисоединений состава W-P-CO |f В. В. Хасанов |g науч. рук. В. И. Ерофеев | |
| 203 | |a Текст |c электронный | ||
| 225 | 1 | |a Современные технологии подготовки освоения и переработки минерального и углеводородного сырья | |
| 225 | 1 | |a Переработка нефти и газа | |
| 300 | |a Заглавие с экрана | ||
| 320 | |a [Библиогр.: с. 196 (2 назв.)] | ||
| 337 | |a Adobe Reader | ||
| 461 | 1 | |0 (RuTPU)RU\TPU\conf\5590 |t Проблемы геологии и освоения недр |o труды XVIII Международного симпозиума имени академика М. А. Усова студентов и молодых ученых, Томск, 7-11 апреля 2014 г. |o в 2 т. |f Национальный исследовательский Томский политехнический университет (ТПУ), Институт природных ресурсов (ИПР) ; Общество инженеров-нефтяников, международная некоммерческая организация, Студенческий чаптер ; под ред. А. Ю. Дмитриева |d 2014 | |
| 463 | 1 | |0 (RuTPU)RU\TPU\conf\5595 |t Т. 2 |v [С. 194-196] | |
| 610 | 1 | |a труды учёных ТПУ | |
| 610 | 1 | |a электронный ресурс | |
| 610 | 1 | |a конверсия | |
| 610 | 1 | |a углеводороды | |
| 610 | 1 | |a цеолитсодержащие катализаторы | |
| 610 | 1 | |a добавки | |
| 610 | 1 | |a гетерополисоединения | |
| 610 | 1 | |a цеолитные катализаторы | |
| 700 | 1 | |a Хасанов |b В. В. |c геолог, специалист в области нефтегазового дела |c ассистент Томского политехнического университета |f 1987- |g Вячеслав Викторович |3 (RuTPU)RU\TPU\pers\32070 | |
| 702 | 1 | |a Ерофеев |b В. И. |c специалист в области нефтегазового дела |c профессор Томского политехнического университета, доктор технических наук |f 1946- |g Владимир Иванович |4 727 | |
| 712 | 0 | 2 | |a Национальный исследовательский Томский политехнический университет (ТПУ) |b Институт природных ресурсов (ИПР) |b Кафедра геологии и разработки нефтяных месторождений (ГРНМ) |3 (RuTPU)RU\TPU\col\18657 |
| 801 | 2 | |a RU |b 63413507 |c 20210916 |g RCR | |
| 856 | 4 | |u http://earchive.tpu.ru/handle/11683/65570 | |
| 856 | 4 | |u http://www.lib.tpu.ru/fulltext/c/2014/C11/V2/083.pdf | |
| 942 | |c BK | ||